Forest measurements /
Guardado en:
| Autor Principal: | |
|---|---|
| Otros Autores: | |
| Formato: | Libro |
| Idioma: | English |
| Publicado: |
Boston :
McGraw-Hill,
2002.
|
| Edición: | 5th ed. |
| Series: | McGraw-Hill series in forest resources
|
| Acceso en línea: | Tabla de contenidos |
| Etiquetas: |
Agregar Etiqueta
Sin Etiquetas, Sea el primero en etiquetar este registro!
|
| LEADER | 00703nam a22002055a 4500 | ||
|---|---|---|---|
| 001 | EEA.libagro007002 | ||
| 005 | 20180601123023.0 | ||
| 008 | 130809s2002####nyua##########000#0#eng#d | ||
| 010 | |a 00069940 | ||
| 020 | |a 0073661767 | ||
| 082 | 0 | 4 | |a 634.9285 |
| 100 | 1 | |a Avery, Thomas Eugene. | |
| 245 | 1 | 0 | |a Forest measurements / |c by Thomas Eugene Avery, Harold E. Burkhart. |
| 250 | |a 5th ed. | ||
| 260 | |a Boston : |b McGraw-Hill, |c 2002. | ||
| 300 | |a xxiii, 456 p. : |b il. ; |c 25 cm. | ||
| 490 | 1 | |a McGraw-Hill series in forest resources | |
| 700 | 1 | |a Burkhart, Harold E. | |
| 856 | |u http://catdir.loc.gov/catdir/toc/mh021/00069940.html |3 Tabla de contenidos | ||
| 859 | |a AR-BbBCA |b BIB. AGRONOMIA |h 634.9285 |i A55a5 |p 2002/4373 | ||
